[Event "EUYCC 2022 - U12"]
[Site "?"]
[Date "2022.08.22"]
[Round "1.1"]
[White "Topencik, Bruno"]
[Black "Nemitz, Alfred"]
[Result "1-0"]
[WhiteElo "1334"]
[BlackElo "1894"]
[PlyCount "131"]
[EventDate "2022.??.??"]

1. d4 Nf6 2. c4 e6 3. Nf3 Bb4+ 4. Bd2 Be7 5. Nc3 O-O 6. e4 d5 7. exd5 exd5 8.
cxd5 Nxd5 9. Bc4 Be6 10. Qb3 Nxc3 11. bxc3 Bxc4 12. Qxc4 Nd7 13. O-O a6 14. a4
Nb6 15. Qb3 Qd5 16. Qxd5 Nxd5 17. Rfe1 Bf6 18. Rab1 Rab8 19. Ne5 Rfd8 20. Ng4
b5 21. Nxf6+ gxf6 22. axb5 axb5 23. Re4 c6 24. Rg4+ Kh8 25. Bh6 Rg8 26. Rxg8+
Rxg8 27. Bd2 Ra8 28. Kf1 Ra2 29. Ke1 Kg7 30. Rc1 Nb6 31. Rb1 Nc4 32. Rd1 Nb2
33. Rb1 Nd3+ 34. Ke2 Nxf2 35. Kxf2 Rxd2+ 36. Kf1 f5 37. Ra1 Rc2 38. Ra3 Kf8 39.
Rb3 Rd2 40. Ra3 Rc2 41. Rb3 Ke7 42. d5 cxd5 43. Rxb5 Ke6 44. Rb3 h5 45. Ra3 Ke5
46. h3 f4 47. Kg1 f5 48. Rb3 h4 49. Ra3 f3 50. gxf3 Kf4 51. Ra5 Kg3 52. Kf1
Kxf3 53. Kg1 Rc1+ 54. Kh2 Rc2+ 55. Kg1 Kg3 56. Kf1 Rxc3 57. Rxd5 Rf3+ 58. Kg1
Kxh3 59. Rd2 f4 60. Rg2 Rg3 61. Kh1 Kg4 62. Rf2 h3 63. Kh2 f3 64. Kh1 Rg2 65.
Rxf3 Re2 66. Rf1 1-0

[Event "EUYCC 2022 - U12"]
[Site "?"]
[Date "2022.08.22"]
[Round "1.2"]
[White "Kroulik, Vaclav"]
[Black "Morova, Jaroslava"]
[Result "1-0"]
[WhiteElo "1809"]
[BlackElo "1323"]
[PlyCount "91"]
[EventDate "2022.??.??"]

1. e4 e5 2. Nf3 Nc6 3. d4 d6 4. dxe5 dxe5 5. Qxd8+ Kxd8 6. Bc4 Ke8 7. O-O a6 8.
Nc3 h6 9. Be3 Nf6 10. a3 Bd6 11. h3 b5 12. Be2 Bb7 13. b4 Ne7 14. Nd2 Nd7 15.
Nb3 Rc8 16. Nc5 Bxc5 17. bxc5 f5 18. f4 fxe4 19. fxe5 Rd8 20. Rad1 Nf8 21.
Rxd8+ Kxd8 22. Rf7 g6 23. Bxh6 Ke8 24. Rxf8+ Rxf8 25. Bxf8 Kxf8 26. Kf2 Nf5 27.
g4 Nd4 28. Bd1 Ne6 29. Ke3 Nxc5 30. g5 Bc6 31. Bg4 a5 32. Kd4 Nd7 33. Nxe4 a4
34. c3 Nb6 35. Be2 Bd5 36. Bxb5 c6 37. Bd3 Ke7 38. Nd6 Nd7 39. Bxg6 Bg2 40.
Nf5+ Kf8 41. e6 c5+ 42. Ke3 Nf6 43. e7+ Kg8 44. gxf6 Bc6 45. f7+ Kh8 46. f8=R#
1-0

[Event "EUYCC 2022 - U12"]
[Site "?"]
[Date "2022.08.22"]
[Round "1.3"]
[White "Kozdon, Marek"]
[Black "Ivanov, Andrey A."]
[Result "0-1"]
[WhiteElo "1275"]
[BlackElo "1782"]
[PlyCount "44"]
[EventDate "2022.??.??"]

1. d4 Nf6 2. c4 c5 3. d5 b5 4. cxb5 a6 5. e3 axb5 6. Bxb5 g6 7. Nc3 Ba6 8. Nf3
Bxb5 9. Nxb5 d6 10. O-O Bg7 11. Re1 O-O 12. e4 Nbd7 13. Bf4 Nh5 14. Bc1 Qb6 15.
Nc3 Rfb8 16. Qc2 Nhf6 17. Nd2 Ne5 18. f4 c4+ 19. Kh1 Nd3 20. Re2 Nf2+ 21. Rxf2
Qxf2 22. e5 Qe1+ 0-1

[Event "EUYCC 2022 - U12"]
[Site "?"]
[Date "2022.08.22"]
[Round "1.4"]
[White "Mence, Eline"]
[Black "Frydel, Marcel"]
[Result "1-0"]
[WhiteElo "1633"]
[BlackElo "1271"]
[PlyCount "111"]
[EventDate "2022.??.??"]

1. d4 d5 2. Bf4 Bf5 3. c4 e6 4. Nc3 c6 5. Qb3 Qb6 6. c5 Qxb3 7. axb3 Nf6 8.
Bxb8 Rxb8 9. Rxa7 Be7 10. Nf3 O-O 11. Ne5 Bd8 12. e3 Bc7 13. Nf3 Bc2 14. b4 Ne4
15. Nxe4 Bxe4 16. Ng5 Bg6 17. Kd2 Bd8 18. Nf3 b6 19. Ne5 bxc5 20. dxc5 Rxb4 21.
Kc3 Re4 22. Nxc6 Bf6+ 23. Nd4 Bxd4+ 24. exd4 Re1 25. b4 Rb8 26. b5 Kf8 27. b6
Rb1 28. f3 h6 29. g3 Bf5 30. g4 Bg6 31. Ra2 Ke7 32. Bg2 Rb5 33. Rha1 e5 34. Re1
f6 35. Bf1 Rb1 36. Rxb1 Bxb1 37. Ra7+ Kf8 38. b7 Ke7 39. Bb5 Kd8 40. Bc6 Kc7
41. Bxd5 exd4+ 42. Kxd4 Bc2 43. c6 Bg6 44. Kc5 Be8 45. Ra8 g6 46. Rxb8 Kxb8 47.
Kb6 Bxc6 48. Kxc6 h5 49. gxh5 gxh5 50. h4 f5 51. f4 Ka7 52. Kc7 Ka6 53. b8=Q
Ka5 54. Bc4 Ka4 55. Qb5+ Ka3 56. Qb3# 1-0

[Event "EUYCC 2022 - U12"]
[Site "?"]
[Date "2022.08.22"]
[Round "1.5"]
[White "Barteckova, Nikol"]
[Black "Ropovik, Samuel"]
[Result "0-1"]
[WhiteElo "1231"]
[BlackElo "1607"]
[PlyCount "152"]
[EventDate "2022.??.??"]

1. e4 c5 2. c3 d5 3. exd5 Nf6 4. Nf3 Nxd5 5. d4 cxd4 6. cxd4 g6 7. Nc3 Nxc3 8.
bxc3 Bg7 9. Bd3 O-O 10. O-O Nc6 11. h3 Qc7 12. Be3 e5 13. Rc1 Re8 14. Be4 f5
15. Bd5+ Kh8 16. Ng5 h6 17. Nf7+ Kh7 18. Qb3 Bd7 19. Rfd1 Na5 20. Qb2 Ba4 21.
Re1 Qd7 22. Qa3 Bf8 23. Qb2 Qxd5 24. Nxe5 Bd6 25. Nd3 Nc4 26. Qb1 Ba3 27. Nf4
Qf7 28. Qd3 Bxc1 29. Rxc1 Rac8 30. d5 Bd7 31. Rb1 Ne5 32. Qd2 Nc4 33. Qd3 Nd6
34. Rc1 Bb5 35. Qd2 Ne4 36. Qd4 Rc4 37. Qxa7 Ra4 38. Qb6 Bc4 39. Qb1 Bxd5 40.
Nxd5 Qxd5 41. Qb6 Qc6 42. Qb3 Rc4 43. Bd4 Rc8 44. Qa3 Qd6 45. Qa7 Qa6 46. Qxa6
bxa6 47. Rb1 Nxc3 48. Rb7+ R8c7 49. Rxc7+ Rxc7 50. Bb6 Rc6 51. Ba5 Nxa2 52. g3
Rc5 53. Bb6 Rb5 54. Bd4 a5 55. Kf1 a4 56. Ke1 a3 57. Kd2 Rd5 58. Ke3 Rxd4 59.
Kxd4 Nb4 60. Kc3 a2 61. Kb2 Kg7 62. f3 Kf6 63. h4 g5 64. f4 gxf4 65. gxf4 Ke6
66. h5 Kd5 67. Ka1 Ke4 68. Kb2 Kxf4 69. Ka1 Ke3 70. Kb2 f4 71. Ka1 f3 72. Kb2
f2 73. Kb3 a1=Q 74. Kc4 f1=R 75. Kb5 Rc1 76. Kb6 Qa6# 0-1

[Event "EUYCC 2022 - U12"]
[Site "?"]
[Date "2022.08.22"]
[Round "1.6"]
[White "Soucek, Andrej"]
[Black "Arshinkova, Ralitsa"]
[Result "1-0"]
[WhiteElo "1585"]
[BlackElo "1217"]
[PlyCount "113"]
[EventDate "2022.??.??"]

1. e4 e5 2. Nf3 Nc6 3. Bb5 d6 4. O-O Nf6 5. Re1 Be7 6. c3 Bd7 7. h3 O-O 8. d4
exd4 9. cxd4 a6 10. Bf1 Re8 11. Nc3 Bf8 12. e5 dxe5 13. dxe5 Nh5 14. g4 Qc8 15.
gxh5 Bxh3 16. e6 Rxe6 17. Rxe6 Qxe6 18. Ng5 Qg4+ 19. Qxg4 Bxg4 20. Be2 Bxe2 21.
Nxe2 Re8 22. Be3 Re5 23. Ng3 f6 24. Nf3 Rb5 25. b3 Ra5 26. Bf4 Bd6 27. Bxd6
cxd6 28. Rd1 Rxa2 29. Rxd6 Kf8 30. Rd7 b5 31. h6 gxh6 32. Rxh7 Ra3 33. Rxh6 Kg7
34. Nf5+ Kf7 35. N5d4 Kg7 36. Nf5+ Kf7 37. N3d4 Nxd4 38. Nxd4 Kg7 39. Rh5 Kg6
40. Rc5 b4 41. Kg2 a5 42. Rb5 Kg7 43. Kf3 Kg6 44. Kf4 Ra2 45. f3 Ra3 46. Rb6 a4
47. Rxb4 axb3 48. Rxb3 Rxb3 49. Nxb3 Kg7 50. Kf5 Kf7 51. Nd2 Ke7 52. Ne4 Kf7
53. Nxf6 Kg7 54. Ke6 Kg6 55. f4 Kg7 56. f5 Kf8 57. Nh7+ 1-0

[Event "EUYCC 2022 - U12"]
[Site "?"]
[Date "2022.08.22"]
[Round "1.7"]
[White "Bartova, Hana"]
[Black "Buchtova, Viktorie"]
[Result "0-1"]
[WhiteElo "1209"]
[BlackElo "1531"]
[PlyCount "46"]
[EventDate "2022.??.??"]

1. e4 c5 2. Nf3 g6 3. d4 cxd4 4. Nxd4 Bg7 5. Be3 Nc6 6. Nc3 Nf6 7. f3 d5 8. Bb5
Bd7 9. exd5 Nb4 10. Bc4 Rc8 11. Bb3 O-O 12. a3 Na6 13. Qd2 Nc5 14. Ba2 Na4 15.
O-O-O Nxc3 16. bxc3 Qa5 17. Kb2 Nxd5 18. Bxd5 Qxd5 19. Ne2 Qb5+ 20. Kc1 Be6 21.
Nd4 Qa4 22. Nxe6 Qxa3+ 23. Kb1 Bxc3 0-1

[Event "EUYCC 2022 - U12"]
[Site "?"]
[Date "2022.08.22"]
[Round "1.8"]
[White "Badica, Ariana"]
[Black "Pukite, Elza"]
[Result "1-0"]
[WhiteElo "1509"]
[BlackElo "1200"]
[PlyCount "63"]
[EventDate "2022.??.??"]

1. e4 e5 2. Nf3 Nc6 3. d4 exd4 4. Bc4 Bc5 5. c3 Nf6 6. e5 d5 7. Bb5 Ne4 8. cxd4
Bb4+ 9. Bd2 Bxd2+ 10. Nbxd2 Bg4 11. Qc2 Nxd2 12. Bxc6+ Kf8 13. Nxd2 bxc6 14.
Qxc6 g6 15. Rc1 Rb8 16. b3 Rc8 17. Qb7 a5 18. Qc6 Kg7 19. Rc5 Re8 20. Rxd5 Qe7
21. Ne4 Bf5 22. Qf6+ Qxf6 23. Nxf6 Re6 24. Rxa5 c5 25. Kd2 cxd4 26. Rc1 Rxc1
27. Kxc1 Rc6+ 28. Kd1 Rc2 29. g4 Bd3 30. g5 Rc6 31. Ra8 Rxf6 32. exf6# 1-0

[Event "EUYCC 2022 - U12"]
[Site "?"]
[Date "2022.08.22"]
[Round "1.9"]
[White "Kupka, Alexandr"]
[Black "Balazs, Szabina Zoe"]
[Result "1-0"]
[WhiteElo "1189"]
[BlackElo "1437"]
[PlyCount "85"]
[EventDate "2022.??.??"]

1. e4 e5 2. Nf3 Nc6 3. Bc4 Bc5 4. c3 Nf6 5. d4 exd4 6. cxd4 Bb4+ 7. Bd2 Nxe4 8.
Bxb4 Nxb4 9. Bxf7+ Kxf7 10. Qb3+ Kf8 11. Qxb4+ Qe7 12. Qxe7+ Kxe7 13. Nc3 Nf6
14. O-O-O Kd8 15. Ne5 Rf8 16. f3 d6 17. Rhe1 a5 18. Nd3 Bd7 19. d5 a4 20. Nf4
Ra5 21. Ne6+ Bxe6 22. dxe6 Ke7 23. f4 g6 24. g4 c6 25. h3 Ne8 26. Rd4 b5 27.
Ree4 Ng7 28. Re1 Rf6 29. Rde4 d5 30. Re5 Rxf4 31. Rxd5 Ra7 32. Rxb5 Rc4 33.
Rbe5 a3 34. R1e3 Rb4 35. b3 Rf4 36. Rc5 Kd6 37. Rce5 Ke7 38. Re1 Rf3 39. Rc5
Ra6 40. b4 Nxe6 41. Ne4 Kd7 42. Re5 Rb6 43. Rxe6 1-0

[Event "EUYCC 2022 - U12"]
[Site "?"]
[Date "2022.08.22"]
[Round "1.10"]
[White "Barteckova, Valerie"]
[Black "Pritulina, Nadezhda"]
[Result "1/2-1/2"]
[WhiteElo "1403"]
[BlackElo "1125"]
[PlyCount "76"]
[EventDate "2022.??.??"]

1. d4 Nf6 2. c4 e6 3. Nc3 c5 4. e3 cxd4 5. exd4 d5 6. Nf3 Nc6 7. cxd5 Nxd5 8.
Bd3 h6 9. O-O Bb4 10. Bd2 O-O 11. Rc1 Ba5 12. a3 Bb6 13. Be3 e5 14. Nxd5 Qxd5
15. dxe5 Rd8 16. Bxb6 axb6 17. Bc4 Qxd1 18. Rfxd1 Bg4 19. Bd5 Ra5 20. Bxc6
Rxd1+ 21. Rxd1 bxc6 22. Rd8+ Kh7 23. Nd4 Rxe5 24. f3 Be6 25. Nxc6 Re2 26. b4
Ra2 27. Rb8 Rxa3 28. Rxb6 Rb3 29. Kf2 Bd5 30. Ne7 Bc4 31. Nc8 Rb2+ 32. Kg1 Rb1+
33. Kf2 Rb2+ 34. Kg1 Rb1+ 35. Kf2 Rb2+ 36. Kg1 Rb1+ 37. Kf2 Rb2+ 38. Kg3 Bf1
1/2-1/2

[Event "EUYCC 2022 - U12"]
[Site "?"]
[Date "2022.08.22"]
[Round "1.11"]
[White "Grunert, Greta"]
[Black "Wolff, Calvin"]
[Result "0-1"]
[WhiteElo "1103"]
[BlackElo "1387"]
[PlyCount "62"]
[EventDate "2022.??.??"]

1. e4 e5 2. Nf3 Nc6 3. Bb5 a6 4. Ba4 Nf6 5. O-O Nxe4 6. Re1 Nc5 7. Nxe5 Be7 8.
Bb3 Nxb3 9. axb3 Nxe5 10. Rxe5 d6 11. Re3 O-O 12. Nc3 Bg5 13. Re1 f5 14. d4 c6
15. f4 Bh4 16. Re3 Re8 17. Qe2 Bd7 18. Bd2 Qb6 19. d5 Bf6 20. dxc6 Bxc6 21. Kh1
Bd4 22. Rxe8+ Rxe8 23. Qd3 Bf6 24. Qxf5 Bxc3 25. Bxc3 Bxg2+ 26. Kxg2 Re2+ 27.
Kh3 Qe3+ 28. Kg4 Rg2+ 29. Kh4 Rxh2+ 30. Kg4 Qh3+ 31. Kg5 Qh5# 0-1

[Event "EUYCC 2022 - U12"]
[Site "?"]
[Date "2022.08.23"]
[Round "2.1"]
[White "Badica, Ariana"]
[Black "Kroulik, Vaclav"]
[Result "1/2-1/2"]
[WhiteElo "1509"]
[BlackElo "1809"]
[PlyCount "60"]
[EventDate "2022.??.??"]

1. e4 c5 2. Nc3 Nc6 3. g3 g6 4. Bg2 Bg7 5. d3 d6 6. f4 Rb8 7. Nf3 b5 8. O-O b4
9. Ne2 e5 10. Be3 Qe7 11. Qd2 Nf6 12. h3 Nd7 13. Rae1 f6 14. g4 Nb6 15. fxe5
dxe5 16. g5 O-O 17. Ng3 Nd4 18. Kh2 Be6 19. gxf6 Bxf6 20. Bh6 Nxf3+ 21. Rxf3
Rf7 22. Ref1 Rd8 23. Nh5 Bh4 24. Rxf7 Bxf7 25. Ng3 Nc4 26. Qc1 Nd6 27. Qe3 Nb5
28. Qf3 Nd4 29. Qg4 Bxg3+ 30. Qxg3 Qd6 1/2-1/2

[Event "EUYCC 2022 - U12"]
[Site "?"]
[Date "2022.08.23"]
[Round "2.2"]
[White "Ivanov, Andrey A."]
[Black "Stara, Zuzana"]
[Result "1-0"]
[WhiteElo "1782"]
[BlackElo "1375"]
[PlyCount "111"]
[EventDate "2022.??.??"]

1. e4 c5 2. Nf3 Nc6 3. d4 cxd4 4. Nxd4 Nf6 5. Nc3 d6 6. Bc4 e6 7. Be3 a6 8. Bb3
Bd7 9. f3 Be7 10. Qd2 O-O 11. g4 Ne5 12. h4 b5 13. h5 a5 14. g5 Ne8 15. f4 Ng4
16. Ndxb5 a4 17. Bc4 Rc8 18. Bd3 Nxe3 19. Qxe3 Bxb5 20. Nxb5 e5 21. g6 fxg6 22.
hxg6 h6 23. f5 Bg5 24. Qe2 Bh4+ 25. Kd1 Bg5 26. Nc3 a3 27. Bc4+ Kh8 28. b3 Qb6
29. Qd3 Qf2 30. Rf1 Qc5 31. Nd5 Nf6 32. Nxf6 Bxf6 33. Ke2 Rfd8 34. Qe3 Bg5 35.
Qxg5 Qxc4+ 36. bxc4 hxg5 37. Kd3 Rc7 38. Rab1 Kg8 39. Rg1 Kf8 40. Rxg5 Ke7 41.
Rgg1 Ra8 42. Rb4 Ra6 43. Rgb1 Kf6 44. Rb6 Rc6 45. Rxa6 Rxa6 46. Rb7 Ra8 47.
Rf7+ Kg5 48. Rxg7 Rb8 49. Ra7 Kf6 50. Rxa3 Rh8 51. Ra7 Rh3+ 52. Kd2 Rh8 53.
Rf7+ Kg5 54. g7 Rg8 55. f6 Kg6 56. Rf8 1-0

[Event "EUYCC 2022 - U12"]
[Site "?"]
[Date "2022.08.23"]
[Round "2.3"]
[White "Wolff, Calvin"]
[Black "Mence, Eline"]
[Result "0-1"]
[WhiteElo "1387"]
[BlackElo "1633"]
[PlyCount "104"]
[EventDate "2022.??.??"]

1. e4 c6 2. d4 d5 3. Nc3 dxe4 4. Nxe4 Nf6 5. Nxf6+ exf6 6. Nf3 Bd6 7. c4 O-O 8.
Be2 Bg4 9. O-O Qc7 10. c5 Bf4 11. h3 Be6 12. Qc2 Bd5 13. a4 a5 14. Ra3 Bxc1 15.
Rxc1 Qd7 16. Nd2 Re8 17. Re3 Na6 18. Bxa6 Rxa6 19. Ne4 Bxe4 20. Rxe4 Raa8 21.
Rce1 g6 22. Qe2 Rxe4 23. Qxe4 Kf8 24. Qf4 Kg7 25. Qe3 Rd8 26. Rd1 Qe6 27. Qc3
Qe4 28. b4 axb4 29. Qxb4 Rd7 30. Qc3 Re7 31. Qb3 Rd7 32. Qc4 Qe6 33. Qc2 Rd5
34. Qc3 Qd7 35. Kf1 Rg5 36. Rb1 Qd5 37. f3 Qa2 38. Rb2 Qxa4 39. Kf2 Rd5 40. Rb4
Qa2+ 41. Rb2 Qa7 42. Rb4 Qb8 43. Qb3 Qf4 44. Qd3 Qh4+ 45. Kf1 Rxc5 46. Rb1 Rd5
47. Rxb7 Rxd4 48. Qb3 Rc4 49. Qa3 Qd4 50. Rb8 Rc5 51. Rb1 Rc2 52. Rc1 Qf2# 0-1

[Event "EUYCC 2022 - U12"]
[Site "?"]
[Date "2022.08.23"]
[Round "2.4"]
[White "Ropovik, Samuel"]
[Black "Srba, Daniel"]
[Result "0-1"]
[WhiteElo "1607"]
[BlackElo "1355"]
[PlyCount "120"]
[EventDate "2022.??.??"]

1. e4 e5 2. Nf3 Nc6 3. Nc3 Nf6 4. d4 exd4 5. Nxd4 d6 6. Bb5 Bd7 7. Bxc6 bxc6 8.
Qd3 c5 9. Nf3 Rb8 10. O-O Be7 11. e5 Ng4 12. Re1 Bc6 13. exd6 cxd6 14. Bf4 O-O
15. Rxe7 Qxe7 16. Bxd6 Qf6 17. Bxf8 Rxf8 18. Re1 g6 19. h3 Rd8 20. Qe2 Nh6 21.
Qe7 Qxe7 22. Rxe7 Bxf3 23. gxf3 Rd2 24. Rxa7 Rxc2 25. Rc7 Rxb2 26. Rxc5 Rc2 27.
a4 Nf5 28. a5 Nd6 29. Ne4 Rxc5 30. Nxc5 Nb5 31. Kg2 Kf8 32. Kg3 Ke7 33. Kf4 f6
34. Ke4 Nc7 35. f4 f5+ 36. Ke5 Nb5 37. Kd5 Na7 38. Nb7 Kd7 39. Nc5+ Ke7 40. Nb7
Kd7 41. a6 Nc6 42. Kc5 Kc7 43. Kd5 Nb4+ 44. Ke6 Nxa6 45. Na5 Nc5+ 46. Kf7 Nd3
47. Kg7 Nxf2 48. h4 Nd3 49. Kxh7 Nxf4 50. Nc4 Kd7 51. Ne5+ Ke8 52. Nxg6 Nxg6
53. Kxg6 f4 54. Kg7 f3 55. h5 f2 56. h6 f1=Q 57. h7 Qf7+ 58. Kh6 Qf8+ 59. Kg6
Qh8 60. Kh6 Kf7 0-1

[Event "EUYCC 2022 - U12"]
[Site "?"]
[Date "2022.08.23"]
[Round "2.5"]
[White "Topencik, Bruno"]
[Black "Soucek, Andrej"]
[Result "1-0"]
[WhiteElo "1334"]
[BlackElo "1585"]
[PlyCount "87"]
[EventDate "2022.??.??"]

1. d4 Nf6 2. c4 e6 3. Nf3 b6 4. Nc3 Bb4 5. Bg5 Bb7 6. e3 h6 7. Bxf6 Qxf6 8. Bd3
c5 9. O-O O-O 10. Ne4 Qe7 11. a3 Ba5 12. Rb1 a6 13. Qe2 d5 14. cxd5 exd5 15.
Ng3 c4 16. Bc2 b5 17. Nf5 Qf6 18. Ne5 Bc8 19. Ng4 Qb6 20. Qf3 Bxf5 21. Qxf5 Qg6
22. Qxd5 Qc6 23. Qf5 g6 24. Qf3 Qxf3 25. gxf3 Kg7 26. Ne5 Bc7 27. f4 Bxe5 28.
fxe5 Nd7 29. f4 a5 30. f5 b4 31. fxg6 fxg6 32. Be4 Rac8 33. Rxf8 Nxf8 34. Kf2
c3 35. axb4 axb4 36. bxc3 bxc3 37. Ke2 Kf7 38. Kd3 Nd7 39. Rc1 g5 40. Bf5 Rd8
41. Bxd7 Rxd7 42. Rxc3 Ke6 43. Rc6+ Kf5 44. Rxh6 1-0

[Event "EUYCC 2022 - U12"]
[Site "?"]
[Date "2022.08.23"]
[Round "2.6"]
[White "Buchtova, Viktorie"]
[Black "Kupka, Alexandr"]
[Result "1-0"]
[WhiteElo "1531"]
[BlackElo "1189"]
[PlyCount "69"]
[EventDate "2022.??.??"]

1. e4 e5 2. Nf3 Nc6 3. Bb5 a6 4. Ba4 Nf6 5. O-O Be7 6. Re1 b5 7. Bb3 d6 8. c3
Bg4 9. Na3 Qd7 10. Nc2 d5 11. exd5 Nxd5 12. h3 Bh5 13. g4 Nf4 14. gxh5 Qxh3 15.
Ne3 e4 16. Nh2 Ne5 17. Bd5 Nxd5 18. Nxd5 Nf3+ 19. Nxf3 exf3 20. Rxe7+ Kf8 21.
Qf1 Qg4+ 22. Kh2 Qxh5+ 23. Qh3 Qxd5 24. Re3 Qd6+ 25. Qg3 h5 26. Qxd6+ cxd6 27.
Rxf3 g5 28. d4 g4 29. Rf6 Kg7 30. Rxd6 f5 31. Bg5 Raf8 32. Re1 Rf7 33. Ree6 f4
34. Rg6+ Kf8 35. Rd8# 1-0

[Event "EUYCC 2022 - U12"]
[Site "?"]
[Date "2022.08.23"]
[Round "2.8"]
[White "Nemitz, Alfred"]
[Black "Barteckova, Valerie"]
[Result "0-1"]
[WhiteElo "1894"]
[BlackElo "1403"]
[PlyCount "48"]
[EventDate "2022.??.??"]

1. d4 d5 2. c4 dxc4 3. Nf3 Nf6 4. e3 e6 5. Bxc4 c5 6. Qe2 Nc6 7. O-O cxd4 8.
Rd1 Bd6 9. exd4 O-O 10. Bg5 a6 11. Ne5 Nb4 12. Nc3 b5 13. Bb3 Bb7 14. a3 Nbd5
15. Nxd5 Bxd5 16. Bxd5 exd5 17. Qf3 Re8 18. Re1 Rc8 19. Bxf6 Qxf6 20. Qxd5 Red8
21. Qe4 Bb8 22. Rac1 Rxc1 23. Rxc1 h6 24. Rc6 Qxe5 0-1

[Event "EUYCC 2022 - U12"]
[Site "?"]
[Date "2022.08.23"]
[Round "2.9"]
[White "Balazs, Szabina Zoe"]
[Black "Arshinkova, Ralitsa"]
[Result "1-0"]
[WhiteElo "1437"]
[BlackElo "1217"]
[PlyCount "83"]
[EventDate "2022.??.??"]

1. e4 e5 2. Nf3 Nc6 3. Bc4 d6 4. h3 Nf6 5. d3 h6 6. c3 Be6 7. Bb3 Qe7 8. Be3
O-O-O 9. Qe2 d5 10. exd5 Bxd5 11. Nbd2 Qe6 12. Bc2 e4 13. dxe4 Nxe4 14. Nxe4
Bxe4 15. Bxe4 Qxe4 16. O-O f5 17. Nd2 Qe7 18. Qf3 Qf7 19. b4 g5 20. Nb3 Rd3 21.
Rac1 Ne5 22. Qe2 f4 23. Bd4 f3 24. Qe4 fxg2 25. Kxg2 Rxd4 26. Nxd4 Qf4 27. Rfe1
Bd6 28. Nb5 Rf8 29. Nxd6+ cxd6 30. Qxf4 Rxf4 31. Rcd1 Kc7 32. Re3 Rc4 33. Rd4
Rc6 34. a4 a6 35. Kg3 b6 36. f4 gxf4+ 37. Rxf4 Nc4 38. Re7+ Kd8 39. Rh7 Ke8 40.
Re4+ Kd8 41. Rg4 Ke8 42. Rg8# 1-0

[Event "EUYCC 2022 - U12"]
[Site "?"]
[Date "2022.08.23"]
[Round "2.10"]
[White "Richter, Johanna"]
[Black "Bartova, Hana"]
[Result "0-1"]
[WhiteElo "1355"]
[BlackElo "1209"]
[PlyCount "132"]
[EventDate "2022.??.??"]

1. d4 Nf6 2. c4 d5 3. Nc3 e6 4. cxd5 exd5 5. Bg5 Be7 6. e3 h6 7. Bh4 c6 8. Bd3
Nbd7 9. Qc2 O-O 10. Nge2 Qc7 11. O-O Ng4 12. Bg3 Qd8 13. Rfe1 Bh4 14. h3 Bxg3
15. Nxg3 Ngf6 16. f3 Nb6 17. Qf2 Nh7 18. e4 dxe4 19. fxe4 Ng5 20. Rad1 Bxh3 21.
d5 Bg4 22. Rd2 cxd5 23. exd5 Re8 24. Rxe8+ Qxe8 25. Bb5 Qd8 26. d6 a6 27. Be2
Bxe2 28. Qxe2 Qe8 29. Nge4 Nxe4 30. Qxe4 Qxe4 31. Nxe4 Nd7 32. Rc2 b5 33. Nc5
Rc8 34. b4 f6 35. Re2 Ne5 36. Nxa6 Rc6 37. Nc7 Rxd6 38. Nxb5 Rd1+ 39. Kh2 g5
40. a4 h5 41. g3 g4 42. a5 Ra1 43. Nc7 Nf3+ 44. Kg2 Rg1+ 45. Kf2 Rh1 46. Kg2
Rg1+ 47. Kf2 Rh1 48. Ke3 h4 49. gxh4 Rxh4 50. Rg2 Ne5 51. a6 Rh3+ 52. Ke2 Ra3
53. b5 Ra2+ 54. Kf1 Ra1+ 55. Kf2 Ra2+ 56. Kg3 Ra3+ 57. Kf4 Ra4+ 58. Kf5 Kf7 59.
b6 Ra3 60. Nd5 Rxa6 61. b7 Nc6 62. Rb2 Nb8 63. Rb6 Rxb6 64. Nxb6 g3 65. Nc4 g2
66. Nd6+ Kf8 0-1

[Event "EUYCC 2022 - U12"]
[Site "?"]
[Date "2022.08.23"]
[Round "2.11"]
[White "Morova, Jaroslava"]
[Black "Pukite, Elza"]
[Result "0-1"]
[WhiteElo "1323"]
[BlackElo "1200"]
[PlyCount "162"]
[EventDate "2022.??.??"]

1. e4 e5 2. Bc4 Nf6 3. d3 c6 4. Nf3 d5 5. exd5 cxd5 6. Bb3 Bb4+ 7. Bd2 Bd6 8.
Nc3 Be6 9. O-O O-O 10. Bg5 Nbd7 11. Nxd5 h6 12. Bh4 Bxd5 13. Bxd5 g5 14. Bb3
gxh4 15. Nxh4 Nc5 16. Bc4 Nh7 17. Nf5 Qf6 18. Qg4+ Kh8 19. Qh5 Bc7 20. Nxh6 Ne6
21. Rae1 Nf4 22. Nxf7+ Rxf7 23. Qxf7 Qxf7 24. Bxf7 Rf8 25. Bc4 Nf6 26. c3 N6h5
27. g3 Nh3+ 28. Kg2 Ng5 29. h4 Nf3 30. Re3 Nd2 31. Bd5 Nxf1 32. Kxf1 b6 33. d4
exd4 34. cxd4 Bxg3 35. Rf3 Bd6 36. Rxf8+ Bxf8 37. Bf3 Nf4 38. Be4 Be7 39. d5
Bxh4 40. f3 Kg7 41. d6 Kf7 42. d7 Ne6 43. Bf5 Nc5 44. Ke2 Ke7 45. f4 a5 46. Ke3
Bf6 47. b3 b5 48. Bh3 b4 49. Kf3 Bb2 50. Ke3 Bf6 51. Bg4 Bb2 52. f5 Kxd7 53.
Kf4 Ke7 54. Kg5 Bf6+ 55. Kf4 Kd6 56. Bh3 Nd3+ 57. Ke3 Nc1 58. Kd2 Nxa2 59. Kd3
Kc5 60. Kc2 Nc3 61. Bf1 a4 62. bxa4 Nxa4 63. Kb3 Nb2 64. Bg2 Nd3 65. Be4 Nc1+
66. Kc2 Kd4 67. Kxc1 Kxe4 68. Kc2 Kxf5 69. Kb3 Be7 70. Kc4 Ke5 71. Kb3 Kd4 72.
Kc2 Kc4 73. Kb2 Bf6+ 74. Kc2 b3+ 75. Kb1 Kb4 76. Kc1 Ka3 77. Kb1 Bh8 78. Kc1
Ka2 79. Kd2 b2 80. Kc2 b1=Q+ 81. Kd2 Qb4+ 0-1

[Event "EUYCC 2022 - U12"]
[Site "?"]
[Date "2022.08.23"]
[Round "2.13"]
[White "Frydel, Marcel"]
[Black "Grunert, Greta"]
[Result "1-0"]
[WhiteElo "1271"]
[BlackElo "1103"]
[PlyCount "33"]
[EventDate "2022.??.??"]

1. e4 e5 2. Nf3 Nc6 3. Nc3 Nf6 4. d4 exd4 5. Nxd4 Bb4 6. Nxc6 bxc6 7. Bd3 d5 8.
exd5 cxd5 9. O-O O-O 10. Bg5 h6 11. Bxf6 gxf6 12. Nxd5 Bd6 13. Qh5 Kg7 14. Rfe1
Be6 15. Rxe6 Be5 16. Qg4+ Kh8 17. Qf5 1-0

[Event "EUYCC 2022 - U12"]
[Site "?"]
[Date "2022.08.24"]
[Round "3.1"]
[White "Srba, Daniel"]
[Black "Ivanov, Andrey A."]
[Result "0-1"]
[WhiteElo "1355"]
[BlackElo "1782"]
[PlyCount "46"]
[EventDate "2022.??.??"]

1. e4 c5 2. Nf3 g6 3. d4 cxd4 4. Nxd4 Bg7 5. Nc3 Nc6 6. Be3 Nf6 7. Bc4 O-O 8.
Bb3 Re8 9. f3 e6 10. Qd2 d5 11. exd5 Nxd5 12. Nxd5 Nxd4 13. Bxd4 exd5+ 14. Kd1
Be6 15. c3 Rc8 16. Kc2 Bf5+ 17. Kc1 Bxd4 18. Qxd4 Re2 19. g4 Qh4 20. Kd1 Rce8
21. gxf5 Re1+ 22. Kd2 Qg5+ 23. Kd3 Qxf5+ 0-1

[Event "EUYCC 2022 - U12"]
[Site "?"]
[Date "2022.08.24"]
[Round "3.2"]
[White "Mence, Eline"]
[Black "Topencik, Bruno"]
[Result "1/2-1/2"]
[WhiteElo "1633"]
[BlackElo "1334"]
[PlyCount "56"]
[EventDate "2022.??.??"]

1. d4 d5 2. Bf4 c5 3. e3 Nc6 4. Nf3 Bg4 5. Be2 e6 6. c3 Nf6 7. Nbd2 Be7 8. Ne5
Bxe2 9. Qxe2 O-O 10. O-O Nxe5 11. Bxe5 Bd6 12. Nf3 Bxe5 13. Nxe5 cxd4 14. exd4
Rc8 15. Qb5 Qc7 16. Rfe1 a6 17. Qa4 Qd6 18. Nd3 Nd7 19. Qb3 Rc6 20. Re3 Rfc8
21. Rae1 b5 22. f4 Nf6 23. g3 Ne4 24. a3 Rb6 25. Nf2 f5 26. Nd3 a5 27. Qd1 Qe7
28. Qe2 Kh8 1/2-1/2

[Event "EUYCC 2022 - U12"]
[Site "?"]
[Date "2022.08.24"]
[Round "3.4"]
[White "Barteckova, Valerie"]
[Black "Badica, Ariana"]
[Result "1/2-1/2"]
yCO??6"]
[WhiteElo "1403"]
[BlackElo "1509"]
[PlyCount "59"]
[EventDate "2022.??.??"]

1. d4 Nf6 2. Nf3 e6 3. Bf4 b6 4. e3 Bb7 5. c3 c5 6. Bd3 Be7 7. O-O O-O 8. Nbd2
d5 9. Qe2 c4 10. Bc2 Nbd7 11. e4 b5 12. Rfe1 a5 13. e5 Ne8 14. h3 g6 15. Rab1
Ng7 16. Qd1 b4 17. Nf1 Qc7 18. Qd2 Rfb8 19. Ng3 Bc6 20. Ne2 a4 21. Ng3 Rb6 22.
Rec1 a3 23. b3 Rab8 24. Qe1 h5 25. Qd2 Qb7 26. Qe1 Qa6 27. Qd2 Qb7 28. Qe1 Qa6
29. Qd2 Qb7 30. Qe1 1/2-1/2

[Event "EUYCC 2022 - U12"]
[Site "?"]
[Date "2022.08.24"]
[Round "3.5"]
[White "Kroulik, Vaclav"]
[Black "Ropovik, Samuel"]
[Result "1/2-1/2"]
[WhiteElo "1809"]
[BlackElo "1607"]
[PlyCount "127"]
[EventDate "2022.??.??"]

1. e4 c5 2. Nf3 e6 3. d4 cxd4 4. Nxd4 Nc6 5. Nb5 d6 6. N1c3 a6 7. Nd4 Nf6 8.
Be3 Be7 9. Be2 O-O 10. O-O Nxd4 11. Qxd4 e5 12. Qb6 Qxb6 13. Bxb6 Be6 14. Rad1
Rac8 15. Rd2 Nd7 16. Be3 Nc5 17. f4 f5 18. exf5 Rxf5 19. Bg4 Rf6 20. Nd5 Rf7
21. Bxc5 Bxg4 22. Nxe7+ Rxe7 23. Bxd6 Rd7 24. fxe5 Re8 25. Rf4 Be6 26. Kf2 Rf7
27. Ke3 Rc8 28. a3 Rxf4 29. Kxf4 Rc4+ 30. Ke3 Bf5 31. c3 Re4+ 32. Kf3 Kf7 33.
Rd5 Rc4 34. Rd2 Ke6 35. h3 h5 36. Rf2 Kd7 37. Ke3 Ke6 38. Kd2 b5 39. b3 Re4 40.
Rf1 g6 41. Ra1 Kd5 42. Rd1 Ke6 43. Rf1 Kd5 44. Rf3 Ke6 45. Re3 Rxe3 46. Kxe3
Bc2 47. b4 Kd5 48. g4 hxg4 49. hxg4 g5 50. Be7 Kxe5 51. Bxg5 Bd1 52. Bf4+ Kf6
53. Kd4 Bxg4 54. Kc5 Ke7 55. Kb6 Bc8 56. Kc7 Be6 57. Kb7 Kd7 58. Kxa6 Kc6 59.
Ka5 Bb3 60. Ka6 Bc4 61. Ka7 Bb3 62. Kb8 Be6 63. Ka7 Bb3 64. Kb8 1/2-1/2